Report of Minimum Wages Committee for Cinema Exhibition Industry (Record no. 489600)

000 -LEADER
fixed length control field 00454cam a22001337a 4500
008 - FIXED-LENGTH DATA ELEMENTS--GENERAL INFORMATION
fixed length control field 180718b-- xxu||||| |||| 00| 0 eng d
082 ## - DEWEY DECIMAL CLASSIFICATION NUMBER
Classification number R23x5442 M278Ci
100 ## - MAIN ENTRY--PERSONAL NAME
Personal name Maharashtra. Minimum Wages Committee for Cinema Exhibition Industry
245 ## - TITLE STATEMENT
Title Report of Minimum Wages Committee for Cinema Exhibition Industry
260 ## - PUBLICATION, DISTRIBUTION, ETC.
Place of publication, distribution, etc. Bombay
Name of publisher, distributor, etc. The author
Date of publication, distribution, etc. --
300 ## - PHYSICAL DESCRIPTION
Extent 98p.
500 ## - GENERAL NOTE
General note Chairman: Shankararao Gedam
700 ## - ADDED ENTRY--PERSONAL NAME
Personal name Gedam, Shankararao (Chairman)
Holdings
Withdrawn status Lost status Damaged status Not for loan Permanent Location Current Location Date acquired Full call number Barcode Date last seen Price effective from Koha item type
        Indian Institute of Public Administration Indian Institute of Public Administration 2018-08-04 R23x5442 M278Ci GG7355 2018-08-04 2018-08-04 GG

Powered by Koha